Rules for the direction of the mind: Discourse on the method mediations on first philosophy (Record no. 36158)

MARC details
000 -LEADER
fixed length control field 00380nam a2200121Ia 4500
082 ## - DEWEY DECIMAL CLASSIFICATION NUMBER
Classification number 159.913
Item number DES
100 ## - MAIN ENTRY--AUTHOR NAME
Personal name Descartes, Rene
245 #0 - TITLE STATEMENT
Title Rules for the direction of the mind: Discourse on the method mediations on first philosophy
260 ## - PUBLICATION, DISTRIBUTION, ETC. (IMPRINT)
Place of publication Chicago
Name of publisher William Benton
Year of publication 1952
700 ## - ADDED ENTRY--PERSONAL NAME
Personal name Spinoza, Benedict de
942 ## - ADDED ENTRY ELEMENTS (KOHA)
Koha item type Books
Holdings
Withdrawn status Lost status Damaged status Not for loan Home library Current library Date acquired Cost, normal purchase price Full call number Accession Number Koha item type
        RRII Library RRII Library 16/12/2021 5000.00 159.913 DES 16571 Books